000 00703nas a2200229 4500
001 BR8108655
003 BR-BrBNA
005 20231205084942.0
007 ta
008 230509b bl.|||p| |||| 00| 00por d
040 _aBR-BrBNA
_bpor
_cBiblioteca Nacional de Agricultura
041 _a(Pt)
072 _aL00
100 1 _aLengler, S.
100 1 _aLink, D.
245 1 _aCapacidade de coleta de nectar de diferentes linhagens de abelhas (Apis mellifera)
650 _aNECTAR
650 _aABELHA
773 0 _tRevista do Centro de Ciencias Rurais (Brazil)
_xISSN 0085-5901
_g(Apr-Sep 1981), v. 11(2-3) p. 169-172
_wBR8108655
909 _a202311
_bLúcia
_c55
_dLúcia Elande
942 _2AGRIS
_n0
_cANA
999 _c108333
_d108333